10 Worst States To Live In (By WPR's Quality of Life) - Statistics

General Stats
  • This quiz has been taken 41 times
  • The average score is 7 of 11
Answer Stats
Rank World Population Review's Quality of Life Answer % Correct
#45 44.6 Mississippi
100%
#48 43.3 Arkansas
87%
#50 41.3 Louisiana
83%
#41 48.1 West Virginia
77%
#44 45.2 Oklahoma
70%
#49 41.8 New Mexico
60%
#43 46.9 South Carolina
60%
#46 44.1 Nevada
53%
#47 43.4 Alaska
40%
#41 48.1 Arizona
37%
#42 47.5 Oregon
7%
No matching quizzes found
Score Distribution
Percent of People with Each Score
Percentile by Number Answered
Your Score History
You have not taken this quiz